[Event "Polanica Zdroj op"]
[Site "Polanica Zdroj"]
[Date "1998.??.??"]
[Round "?"]
[White "Mietus, Klaudiusz"]
[Black "Onoprienko, Vladimir"]
[Result "1-0"]
[WhiteElo "2195"]
[BlackElo "2370"]
[PlyCount "107"]
[EventDate "1998.??.??"]
[EventType "swiss"]
[EventRounds "10"]
[EventCountry "POL"]
[SourceTitle "EXT 2003"]
[Source "ChessBase"]
[SourceDate "2002.11.25"]
[SourceVersion "1"]
[SourceVersionDate "2002.11.25"]
[SourceQuality "1"]

1. d4 Nf6 2. c4 c5 3. d5 g6 4. Nc3 Bg7 5. e4 d6 6. h3 0-0 7. Bd3 e6 8. Nf3 Na6 9. 0-0 Nc7 10. a4 Na6 11. Bf4 e5 12. Bg5 h6 13. Be3 Nh5 14. Qd2 g5 15. Rfe1 Nf4 16. Bf1 Nb4 17. Bxf4 gxf4 18. Na2 Na6 19. Bd3 Bd7 20. Bc2 Kh8 21. Kh2 Rg8 22. Rg1 h5 23. Rae1 Bh6 24. Qe2 Rg6 25. Bd1 Qf6 26. Nd2 Bg4 27. Qd3 Rag8 28. hxg4 hxg4 29. Rh1 g3+ 30. Kg1 gxf2+ 31. Kxf2 Rxg2+ 32. Kf1 R8g3 33. Nf3 Rxb2 34. Re2 Rxa2 35. Rxa2 Nb4 36. Qe2 Nxa2 37. Qxa2 Kg8 38. Qh2 Bg7 39. Qh7+ Kf8 40. Qh4 Ke7 41. Qxf6+ Bxf6 42. Rh2 Rg8 43. Rb2 Rb8 44. a5 a6 45. Ba4 Kd8 46. Kg2 Kc7 47. Rb1 Rg8+ 48. Kf2 Bd8 49. Bc2 Kb8 50. Ra1 Re8 51. Ba4 Rh8 52. Bd7 Ka7 53. Bf5 Kb8 54. Ke2 1-0

[Event "POL-chT 2nd League South"]
[Site "Wisla"]
[Date "1998.??.??"]
[Round "?"]
[White "Zeberski, Jakub"]
[Black "Mietus, Klaudiusz"]
[Result "1-0"]
[WhiteElo "2165"]
[BlackElo "2195"]
[PlyCount "91"]
[EventDate "1998.11.20"]
[EventType "team-swiss"]
[EventRounds "10"]
[EventCountry "POL"]
[SourceTitle "EXT 2000"]
[Source "ChessBase"]
[SourceDate "1999.11.16"]
[SourceVersion "1"]
[SourceVersionDate "1999.11.16"]
[SourceQuality "1"]

1. e4 c5 2. Nf3 d6 3. Bb5+ Bd7 4. Bxd7+ Qxd7 5. 0-0 Nc6 6. d4 cxd4 7. Nxd4 Nf6 8. Re1 g6 9. Nc3 Bg7 10. Nf3 0-0 11. Nd5 Nxd5 12. exd5 Ne5 13. Nxe5 Bxe5 14. Qd3 Bf6 15. a4 Rfc8 16. Ra2 Qc7 17. c3 Qc4 18. Qxc4 Rxc4 19. Be3 e5 20. f3 Bd8 21. Rc1 Bb6 22. Kf2 Rac8 23. Rd1 Bxe3+ 24. Kxe3 f5 25. Rd3 Kf7 26. Kd2 e4 27. b3 R4c5 28. fxe4 fxe4 29. Rd4 Rxc3 30. Rxe4 Rxb3 31. Re6 Rb6 32. Kd3 Rc7 33. Rf2+ Kg7 34. Rfe2 Rf7 35. a5 Ra6 36. Ra2 Rd7 37. Kc4 Rc7+ 38. Kd4 Rd7 39. Kc4 h5 40. h4 Rf7 41. g3 Rf6 42. Rxf6 Kxf6 43. Rf2+ Ke5 44. Re2+ Kf5 45. Kb5 Kf6 46. Re8 1-0

[Event "POL-ch sf"]
[Site "Poraj "]
[Date "1997.??.??"]
[Round "5"]
[White "Banasik, Henryk"]
[Black "Mietus, Klaudiusz"]
[Result "0-1"]
[WhiteElo "2130"]
[BlackElo "2195"]
[PlyCount "134"]
[EventDate "1997.??.??"]
[EventType "swiss"]
[EventRounds "11"]
[EventCountry "POL"]
[SourceTitle "EXT 2000"]
[Source "ChessBase"]
[SourceDate "1999.11.16"]
[SourceVersion "1"]
[SourceVersionDate "1999.11.16"]
[SourceQuality "1"]

1. e4 c5 2. Nf3 e6 3. b3 d6 4. Bb2 Nc6 5. g3 Nf6 6. d3 g6 7. Bg2 Bg7 8. 0-0 0-0 9. Nbd2 e5 10. a4 Ne8 11. Ne1 Be6 12. f4 Qd7 13. Nef3 Bg4 14. Nc4 exf4 15. Bxg7 Nxg7 16. gxf4 Nh5 17. Qd2 Rae8 18. Rae1 f6 19. c3 Be6 20. Qe3 b6 21. Ncd2 d5 22. e5 d4 23. cxd4 cxd4 24. Qf2 Nxf4 25. exf6 Nxg2 26. Qxg2 Rxf6 27. Ng5 Rxf1+ 28. Rxf1 Bf5 29. Nde4 Rf8 30. Qf2 Qe7 31. Qh4 h5 32. Qg3 Qe5 33. Qxe5 Nxe5 34. Rd1 Rc8 35. Kg2 h4 36. Rd2 Rc1 37. Nf6+ Kg7 38. Ne8+ Kh6 39. Nf3 Nxf3 40. Kxf3 Rc3 41. b4 g5 42. Ke2 Rc6 43. Kf2 Bg6 44. b5 Rc3 45. Nf6 Rxd3 46. Re2 Kg7 47. Nd5 Bf7 48. Re5 Kg6 49. Ne7+ Kf6 50. Nc6 Rd2+ 51. Re2 Rxe2+ 52. Kxe2 Bc4+ 53. Kd2 d3 54. Nxa7 g4 55. a5 bxa5 56. b6 Ba6 57. Nb5 Ke5 58. Ke3 a4 59. Na3 Kd6 60. b7 Bxb7 61. Kxd3 Ke5 62. Ke3 h3 63. Kf2 Kd4 64. Kg3 Bf3 65. Nb5+ Kc4 66. Na3+ Kb3 67. Nb1 a3 0-1

[Event "POL-ch sf"]
[Site "Poraj "]
[Date "1997.??.??"]
[Round "8"]
[White "Mietus, Klaudiusz"]
[Black "Pinski, Jan"]
[Result "1/2-1/2"]
[WhiteElo "2195"]
[BlackElo "2245"]
[PlyCount "67"]
[EventDate "1997.??.??"]
[EventType "swiss"]
[EventRounds "11"]
[EventCountry "POL"]
[SourceTitle "EXT 2000"]
[Source "ChessBase"]
[SourceDate "1999.11.16"]
[SourceVersion "1"]
[SourceVersionDate "1999.11.16"]
[SourceQuality "1"]

1. d4 Nf6 2. c4 c5 3. d5 b5 4. cxb5 a6 5. f3 e6 6. e4 exd5 7. e5 Qe7 8. Qe2 Ng8 9. Nc3 Bb7 10. Nh3 c4 11. Be3 axb5 12. 0-0-0 Qb4 13. Rxd5 Qxc3+ 14. bxc3 Ba3+ 15. Kb1 Bxd5 16. Nf4 Ne7 17. Bd4 Be6 18. Nxe6 fxe6 19. f4 0-0 20. g3 Nbc6 21. Bg2 Rfb8 22. Ka1 Ra4 23. Be4 b4 24. Bxh7+ Kf8 25. f5 exf5 26. Bxf5 Nxf5 27. Rf1 Ncxd4 28. cxd4 b3 29. Rxf5+ Kg8 30. Qh5 Bb2+ 31. Kxb2 bxa2+ 32. Kc2 Rb2+ 33. Kc3 Rxh2 34. Qf7+ 1/2-1/2

[Event "POL-ch sf"]
[Site "Poraj "]
[Date "1997.??.??"]
[Round "3"]
[White "Owczarzak, Jerzy"]
[Black "Mietus, Klaudiusz"]
[Result "1-0"]
[WhiteElo "2100"]
[BlackElo "2195"]
[PlyCount "113"]
[EventDate "1997.??.??"]
[EventType "swiss"]
[EventRounds "11"]
[EventCountry "POL"]
[SourceTitle "EXT 2000"]
[Source "ChessBase"]
[SourceDate "1999.11.16"]
[SourceVersion "1"]
[SourceVersionDate "1999.11.16"]
[SourceQuality "1"]

1. e4 c5 2. Nf3 e6 3. d3 d5 4. Nbd2 Nc6 5. g3 Bd6 6. Bg2 Nge7 7. 0-0 0-0 8. Re1 b5 9. h4 a5 10. Nf1 b4 11. e5 Bc7 12. h5 h6 13. N1h2 Ba6 14. Ng4 Nf5 15. Bf4 a4 16. Qd2 Kh7 17. Bh3 Ncd4 18. Nxd4 cxd4 19. Nh2 Rb8 20. b3 g5 21. hxg6+ fxg6 22. Bxf5 Rxf5 23. g4 Rf7 24. Bxh6 Qh4 25. Bg5 Qh3 26. f4 Bd8 27. Bxd8 Rxd8 28. Rf1 Qg3+ 29. Kh1 Kg7 30. Rf3 Qh4 31. Qf2 Qxf2 32. Rxf2 a3 33. Kg2 Rc8 34. Re1 Rcf8 35. Kg3 Bb5 36. g5 Ba6 37. Ree2 Bb5 38. Ng4 Rh8 39. Rh2 Rff8 40. Rxh8 Rxh8 41. Rh2 Rc8 42. Re2 Rh8 43. Nh2 Bd7 44. Nf3 Rh1 45. Re1 Rh8 46. Nxd4 Rc8 47. Rh1 Rc3 48. Kf3 Rc8 49. Ke3 Rf8 50. Ne2 Rc8 51. Kd2 Be8 52. c3 bxc3+ 53. Nxc3 Bc6 54. Ne2 Bd7 55. Rc1 Rxc1 56. Kxc1 Kf8 57. Nd4 1-0